000
00286nam a2200109Ia 4500
008
200302s9999 xx 000 0 und d
100
_a
A. F. C. Sherratt
245
_a
Air Conditioning System Design for Buildings
260
_b
Tata Mcgraw-Hill Co. Inc.
260
_c
1983
300
_a
235 P.,
999
_c
732
_d
732